Tratado de ciencia constitucional (Registro nro. 207)
[ vista simple ]
| 000 -ENCABEZADO | |
|---|---|
| Número de control [NR] | 01441nam a2200265Ia 4500 |
| 005 - FECHA Y HORA DE LA ÚLTIMA TRANSACCIÓN | |
| control field | 20221019115518.0 |
| 008 - DE LONGITUD FIJA DE DATOS DE ELEMENTOS - INFORMACIÓN GENERAL | |
| Elementos de longitud fija [NR] | 130821s1852 ck fr spa |
| 040 ## - FUENTE DE CATALOGACION [NR] | |
| Agencia de catalogación original [NR] | Co-BoUCM |
| Idioma de catalogación [NR] | spa |
| Quien Cataloga | Sandra Yazo (modificó) |
| Quien Clasifica | Sandra Yazo (modificó) |
| 041 ## - CODIGO DE IDIOMA [R] | |
| Código de idioma para texto/pista de sonido o título separado [R] | Español |
| 082 04 - NUMERO DE CLASIFICACION DECIMAL DEWEY [R] | |
| Número de clasificación [R] | 342.9861 |
| Número de la edición [NR] | 20 |
| 092 ## - SIGNATURA TOPOGRAFICA LOCAL | |
| Número de clasificación local | E58N024 |
| 100 1# - ASIENTO PRINCIPAL--NOMBRE PERSONAL [NR] | |
| Nombre personal [NR] | Pinzón, Cerbeleón |
| Fechas asociadas con el nombre [NR] | 1813-1870 |
| ID Autoridad | 102930 |
| 245 10 - MENCION DE TITULO [NR] | |
| Título [NR] | Tratado de ciencia constitucional |
| Mención de responsabilidad, etc. [NR] | Cerbeleón Pinzón |
| 250 ## - MENCION DE EDICION [NR] | |
| Mención de edición [NR] | Segunda edición |
| 260 ## - PUBLICACION, DISTRIBUCION, ETC. (PIE DE IMPRENTA) [R] | |
| Lugar de publicación, distribución, etc. [R] | Bogotá (Colombia) |
| Nombre del editor, distribuidor, etc. [R] | Imprenta del Neogranadino |
| Fecha de publicación, distribución, etc. [R] | 1852 |
| 300 ## - DESCRIPCION FISICA [R] | |
| Extensión [R] | 192 páginas |
| Dimensiones [R] | 22 x 16 cm. |
| 500 ## - NOTA GENERAL [R] | |
| Nota general [NR] | Detalles físicos: Encuadernación rígida (holandesa) en cartón forrado en papel, lomo en percalina, con faltante en la parte superior. Guardas, la delantera con una nota de pertenencia, José Tomás Monroi. Bogotá julio 8 de 1868 y en la guarda posterior una anotación manuscrita. Anteportada. Portada impresa en una sola tinta. Texto en una sola columna. Papel con algunas manchas. |
| 505 2# - NOTA DE CONTENIDO CON FORMATO PREESTABLECIDO [R] | |
| Nota de contenido con formato preestablecido [NR] | Nociones preliminares ; Organización de los poderes simples de la soberanía: Poder legislativo, ejecutivo, judicial. Derechos y de las garantías generales ; Poder seccional ; Poder constituyente o electoral. |
| 506 ## - NOTA DE RESTRICCIONES DE ACCESO [R] | |
| Condiciones de acceso [NR] | Consulta en sala |
| 650 #7 - ASIENTO SECUNDARIO DE MATERIA - TERMINO TEMATICO [R] | |
| Término temático o nombre geográfico como elemento de entrada [NR] | Elecciones |
| 9 (RLIN) | 13957 |
| 650 #7 - ASIENTO SECUNDARIO DE MATERIA - TERMINO TEMATICO [R] | |
| Término temático o nombre geográfico como elemento de entrada [NR] | Poder público |
| 9 (RLIN) | 21765 |
| 650 #7 - ASIENTO SECUNDARIO DE MATERIA - TERMINO TEMATICO [R] | |
| Término temático o nombre geográfico como elemento de entrada [NR] | Teoría constitucional |
| 9 (RLIN) | 25257 |
| 690 ## - ASUNTO AGREGADO LOCAL DE ENTRADA - TÉRMINO TEMÁTICO (OCLC, RLIN) | |
| Acceso temático local | Derecho constitucional |
| 9 (RLIN) | 12725 |
| 942 ## - ELEMENTOS DE ENTRADA AGREGADOS (KOHA) | |
| Tipo de ítem principal el descrito en 300a | Libro |
| Tema principal | 8 |
| Edición | 2 |
| Título oculto en OPAC | No |
| Clasificación | E58N024 |
| Sistema de clasificación | LOCAL |
| Suprimido | Perdido | Sistema de clasificación | Dañado | No prestable | Tipo de ítem específico | Ubicación habitual | Ubicación actual | Localización | Fecha de creación | Forma de adquisición | Costo | Total préstamos | Signatura topográfica | Código de barras | Última vez visto | Fecha de último préstamo | Ejemplar | Price effective from | Tipo de ítem |
|---|---|---|---|---|---|---|---|---|---|---|---|---|---|---|---|---|---|---|---|
| LOCAL | Libro | Archivo Histórico | Archivo Histórico | Archivo histórico | 28/02/2003 | Compra | 3300.00 | 1 | E58N024 | L010746 | 26/06/2012 | 24/08/2005 | Ej.1 | 03/02/2013 | Libro |